Sebrané spisy svazek 2 spisův veršem i prosbou kniha sedmá i osmá

Bibliographic Details
Main Author: Čelakovský, František Ladislav, 1799-1852 (Author)
Format: Book
Language:Czech
Published: Praha 1876

MARC

LEADER 00000nam a2200000 a 4500
001 vtls001320578
003 SK-MaSNL
005 20260301065617.0
008 240318s1876 xr 0 cze
035 |a SNK000273207 
040 |a SNK  |b slo  |c SNK  |e AACR2 
041 1 |a cze 
044 1 |a xr  |c CZ 
100 1 |a Čelakovský, František Ladislav,  |d 1799-1852  |4 aut  |9 90751 
245 1 0 |a Sebrané spisy  |c Fr. Lad. Čelakovský  |n svazek 2  |p spisův veršem i prosbou kniha sedmá i osmá 
260 |a Praha  |c 1876  |f I.L. Kober 
300 |a 502 s. 
500 1 |a Národní bibliotéka: výbor prací čelnějších spisovatelů československýck, díl 39. redaktor F. Zákrejs 
999 |c 631321  |d 633251 
952 |a SNK  |b SNK  |y VYP  |7 0  |p 17A1076302  |o snkID 24029/2 D1  |i snk 4202/52  |3 rekatalogizácia  |0 0  |1 0  |4 0  |d 2014-10-07  |l 0  |r 2026-02-23 17:24:42  |w 2026-02-23 
952 |a SNK  |b SNK  |y VYP  |7 0  |p 17A1076301  |o snkID 24029/2 D2  |i snkKIK 574/59  |0 0  |1 0  |4 0  |d 2014-10-07  |l 0  |r 2026-02-23 17:24:42  |w 2026-02-23